UM Logo

Image processing, analysis, and machine vision/ (Record no. 302)

MARC details
000 -LEADER
fixed length control field 00721nam a22002297a 4500
008 - FIXED-LENGTH DATA ELEMENTS--GENERAL INFORMATION
fixed length control field 151130b xxu||||| |||| 00| 0 eng d
020 ## - INTERNATIONAL STANDARD BOOK NUMBER
International Standard Book Number 9781133593690
082 ## - DEWEY DECIMAL CLASSIFICATION NUMBER
Edition number 2015
Classification number DC 006.37
Item number Sm1
100 ## - MAIN ENTRY--PERSONAL NAME
9 (RLIN) 709
Personal name Sonka, Milan
245 ## - TITLE STATEMENT
Title Image processing, analysis, and machine vision/
Statement of responsibility, etc. Milan Sonka.
250 ## - EDITION STATEMENT
Edition statement Fourth Edition
260 ## - PUBLICATION, DISTRIBUTION, ETC. (IMPRINT)
Place of publication, distribution, etc. USA:
Name of publisher, distributor, etc. Cengage Learning,
Date of publication, distribution, etc. c2015.
300 ## - PHYSICAL DESCRIPTION
Extent xxxv, 886 pages:
Other physical details color illustrations;
Dimensions 23cm
500 ## - GENERAL NOTE
General note Includes references and index
650 #0 - SUBJECT ADDED ENTRY--TOPICAL TERM
9 (RLIN) 5937
Topical term or geographic name as entry element Image processing
650 #0 - SUBJECT ADDED ENTRY--TOPICAL TERM
9 (RLIN) 5938
Topical term or geographic name as entry element Computer vision
650 #0 - SUBJECT ADDED ENTRY--TOPICAL TERM
9 (RLIN) 5939
Topical term or geographic name as entry element Image analysis
700 ## - ADDED ENTRY--PERSONAL NAME
9 (RLIN) 710
Personal name Vaclac Hlavac
Relator term author
700 ## - ADDED ENTRY--PERSONAL NAME
9 (RLIN) 711
Personal name Roger Boyle
Relator term author
365 ## - TRADE PRICE
Price amount 9,995.00
Currency code Php
942 ## - ADDED ENTRY ELEMENTS (KOHA)
Source of classification or shelving scheme Dewey Decimal Classification
Koha item type Circulation
Holdings
Withdrawn status Lost status Source of classification or shelving scheme Damaged status Not for loan Collection code Home library Current library Date acquired Source of acquisition Total Checkouts Full call number Barcode Date last seen Date last checked out Price effective from Koha item type
    Dewey Decimal Classification     Circulation UM Digos College - LIC UM Digos College - LIC 09/25/2015 Purchased 1 DC 006.37 Sm1 2015 22398 05/15/2025 12/08/2016 11/30/2015 Circulation